Os 15 principais países com mortes por Covid19 - 29 de dezembro 2021 - Statistics

Estatísticas Gerais
  • Esse quiz foi jogado 9 vezes
  • A pontuação média é 14 de 27
Estatísticas das Respostas
país % Correto
Brasil
100%
Estados Unidos
100%
Alemanha
89%
Reino Unido
89%
Argentina
78%
França
78%
Itália
78%
Rússia
78%
Índia
67%
México
67%
Colômbia
44%
Indonésia
44%
Irão
44%
Peru
44%
Ucrânia
44%
Bulgária
33%
Chéquia
33%
Hungria
33%
Lituânia
33%
Macedónia do Norte
33%
Romênia
33%
Armênia
22%
Croácia
22%
Eslováquia
22%
Eslovénia
22%
Bósnia e Herzegovina
11%
Geórgia
11%
Nenhum quiz correspondente encontrado
Distribuição das Pontuações
Porcentagem de Pessoas com Cada Pontuação
Percentil de Números Respondidos
Sua Pontuação Histórica
Você não jogou esse quiz